000 01123nam a22003257a 4500
001 7474
003 FISKH
005 20250718112151.0
008 250718b cb ||||| |||| 00| 0 eng d
020 _a9781582462608
040 _aFISKH
_beng
_cFISKH
_dFISKH
050 _aPZ7.F8445 Y
082 _a813.6
100 _aFrame, Jeron Ashford
245 _aYesterday I had the blues /
_cBy Jeron Ashford Frame : Illustrated by R. Gregory Christie
250 _aFirst Edition
260 _aNew York :
_bRandom House,
_c2003.
300 _a32 unnumbered pages :
_bcolor illustrations ;
_c28 cm .
505 _aO
520 _aA young boy ponders a variety of emotions and how different members of his family experience them, from his own blues to his father's grays and his grandmother's yellows.
521 8 _a630
_bLexile
521 8 _aO
_bRaz-Plus
650 _aEmotions
_vFiction
650 _aFamily-life
_vFiction
650 _aAfrican Americans
_vFiction
700 _aChristie, R. Gregory
_eIllustrator
700 _aStromberg, Betsy
_eDesigner
942 _2ddc
_cBK
_n0
999 _c7474
_d7474